Tiché spoločenstvo z aspektu Obchodného zákonníka, daňových a účtovných predpisov

Charakteristika tichého spoločenstva podľa Obchodného zákonníka. Vznik tichého spoločenstva. Problematika podieľania sa tichého spoločníka na podnikaní. Účtovanie o tichom spoločenstve. Zánik zmluvy o tichom spoločenstve. Účtovanie o zániku zmluvy o tichom spoločenstve s vrátením vkladu. Účtovanie u...

ver descrição completa

Na minha lista:
Detalhes bibliográficos
Autor principal: Jarinkovičová, Valéria
Outros Autores: Turóciová, Jana
Formato: Capítulo de Livro
Idioma:eslovaco
Assuntos:
Tags: Adicionar Tag
Sem tags, seja o primeiro a adicionar uma tag!

MARC

LEADER 00000naa a2200000 4500
001 r032889
005 20230912112714.1
041 0 |a slo 
044 |a SK 
245 1 0 |a Tiché spoločenstvo z aspektu Obchodného zákonníka, daňových a účtovných predpisov  |c Valéria Jarinkovičová, Jana Turóciová 
520 |a Charakteristika tichého spoločenstva podľa Obchodného zákonníka. Vznik tichého spoločenstva. Problematika podieľania sa tichého spoločníka na podnikaní. Účtovanie o tichom spoločenstve. Zánik zmluvy o tichom spoločenstve. Účtovanie o zániku zmluvy o tichom spoločenstve s vrátením vkladu. Účtovanie u podnikateľa. Účtovanie u tichého spoločníka. Účtovné príklady. 
610 2 0 |a spoločenstvo tiché 
610 2 0 |a zákonník obchodný 
610 2 0 |a predpisy daňové 
610 2 0 |a účtovanie 
610 2 0 |a spoločníci 
610 2 0 |a podnikatelia 
610 2 0 |a vklady 
610 2 0 |a podiely na zisku 
610 2 0 |a zmluvy spoločenské 
100 1 |a Jarinkovičová, Valéria 
700 1 |a Turóciová, Jana